01322nas a2200421 4500001001300000003000900013005001700022007000300039008003400042040005400076041000900130072000800139100001800147100002100165100002200186100002000208100001900228100002600247100002400273100002300297100003300320100002200353100001800375100002100393100002500414100002700439100002000466100001900486245015600505650002100661650002900682650002100711650002100732650002800753650001400781650001000795773009500805BR2015001646BR-BrBNA20231205125212.0ta230509b bl.|||p| |||| 00| 00por d aBR-BrBNAbporcBiblioteca Nacional de Agricultura a(En) aL731 aRocha, M.F.G.1 aAlencar, L.P. de1 aBrilhante, R.S.N.1 aSales, J. de A.1 aPonte, Y.B. de1 aRodrigues, P.H. de A.1 aSampaio, C.M. de S.1 aCordeiro, R. de A.1 aCastelo-Branco, D. de S.C.M.1 aOliveira, F.C. de1 aBarbosa, F.G.1 aTeixeira, C.E.C.1 aPaiva Neto, M. de A.1 aBandeira, T. de J.P.G.1 aMoreira, J.L.B.1 aSidrim, J.J.C.1 aMoringa oleifera inhibits growt of candida ssp. and hortaea werneckii isolated from macrobrachium amazonicum prawn farming with a wide margin of safety aCAMARÃO CANELA aMACROBRACHIUM AMAZONICUM aMORINGA OLEIFERA aPLANTA MEDICINAL aINIBIDOR DE CRESCIMENTO aCÂNDIDA aFUNGO0 tCiência Rural (Brazil)xISSN 0103-8478g(Dec 2014), V. 44(12) p. 2197-2203wBR2015001646